Arid land ecosystems V.1: (Record no. 162573)

MARC details
000 -LEADER
fixed length control field 00580nam a22002057a 4500
003 - CONTROL NUMBER IDENTIFIER
control field OSt
020 ## - INTERNATIONAL STANDARD BOOK NUMBER
International Standard Book Number 052121842
082 ## - DEWEY DECIMAL CLASSIFICATION NUMBER
Classification number 574.5265
Item number GOO/AR
245 ## - TITLE STATEMENT
Title Arid land ecosystems V.1:
Remainder of title structure, functioning and management
260 ## - PUBLICATION, DISTRIBUTION, ETC. (IMPRINT)
Place of publication, distribution, etc London
Name of publisher, distributor, etc Cambridge university press
Date of publication, distribution, etc 1979
300 ## - PHYSICAL DESCRIPTION
Extent 881p.
440 ## - SERIES TITLE
Title International Biological Prograsmme
Volume Number V.16
546 ## - LANGUAGE
Language note English
650 ## - SUBJECT ADDED ENTRY--TOPICAL TERM
Topical term or geographic name as entry element Description and structure of arid ecosystems
650 ## - SUBJECT ADDED ENTRY--TOPICAL TERM
Topical term or geographic name as entry element Component processes
700 ## - ADDED ENTRY--PERSONAL NAME
Personal name Goodall, D W
700 ## - ADDED ENTRY--PERSONAL NAME
Personal name Perry, R A
700 ## - ADDED ENTRY--PERSONAL NAME
Personal name Howes, K M W
942 ## - ADDED ENTRY ELEMENTS (KOHA)
Source of classification or shelving scheme Dewey Decimal Classification
Koha item type Books (General)
Holdings
Lost status Source of classification or shelving scheme Damaged status Not for loan Collection code Home library Current library Shelving location Date acquired Total Checkouts Full call number Barcode Date last seen Koha item type Public note
  Dewey Decimal Classification     General KAU Central Library, Thrissur KAU Central Library, Thrissur General 13/11/2018   574.5265 GOO/AR 906416 13/11/2018 Books (General) Book transferred from CoH Library, Acc.No: 7240
  Dewey Decimal Classification     General KAU Central Library, Thrissur KAU Central Library, Thrissur General 13/11/2018   574.5265 GOO/AR 906415 13/11/2018 Books (General) Book transferred from CoH Library, Acc.No: 12747
  Dewey Decimal Classification     General KAU Central Library, Thrissur KAU Central Library, Thrissur General 13/11/2018   574.5265 GOO/AR 906417 13/11/2018 Books (General) Book transferred from CoH Library, Acc.No: 9556
  Dewey Decimal Classification     General KAU Central Library, Thrissur KAU Central Library, Thrissur General 13/11/2018   574.5265 GOO/AR 906418 13/11/2018 Books (General) Book transferred from CoH Library, Acc.No: 10260
Kerala Agricultural University Central Library
Thrissur-(Dt.), Kerala Pin:- 680656, India
Ph : (+91)(487) 2372219
E-mail: librarian@kau.in
Website: http://library.kau.in/